Cronaca di un disamore /

Saved in:
Bibliografiske detaljer
Hovedforfatter: Cotroneo, Ivan (Author)
Format: Bog
Sprog:italiensk
Udgivet: Milano : Bompiani, 2009
Serier:Tascabili Bompiani ; 1028
Tags: Tilføj Tag
Ingen Tags, Vær først til at tagge denne postø!

MARC

LEADER 00000nam a22000007i 4500
001 IT\ICCU\MO1\0028678
003 ItRI
005 20250419172042.0
008 110524s2009 it |||||| ||||| |||||c
020 |a 9788845259821 
040 |b ita  |c Arcigay Genova 
041 7 |a ita  |2 ISO-639-2 
100 1 |a Cotroneo, Ivan  |0 IT\ICCU\RAVV\092620  |4 aut 
245 1 0 |a Cronaca di un disamore /  |c Ivan Cotroneo. 
260 |a Milano :  |b Bompiani,  |c 2009 
300 |a 152 p. ;  |c 19 cm. 
830 0 |a Tascabili Bompiani ;  |v 1028  |0 IT\ICCU\CFI\0000031 
942 |2 ddc  |c BK 
952 |0 0  |1 0  |2 ddc  |4 0  |6 853_914000000000000_COT_CRO  |7 1  |9 3923  |a GE  |b GE  |d 2025-04-19  |l 0  |o 853.914 COT CRO  |p 1575  |r 2025-04-19 17:22:31  |w 2025-04-19  |x Donazione di Alvaro Bazzano  |y BK  |z Donazione AB 
981 1 |6 z01  |a i   |b xxxe  
982 1 |6 z01  |a n 
999 |c 3050  |d 3050